000 00675nam a2200241Ia 4500
003 OSt
005 20220918214239.0
006 a|||||r|||| 00| 0
007 ta
008 220917b |||||||| |||| 00| 0 eng d
024 _a136,474
037 _cTextual
040 _aARTS
_cARTS
_beng
041 _2eng
_aeng
082 _aX9B:8.73, L7
100 _aHosmer LaRue T
_9130406
245 0 _aEnterpreneurial functions
_b Text and cases on smaller firms
260 _aEnglewood
_bCliffs Prenctice Hall
_c1977
300 _axi, 484p. tables
_ccm.
650 _aECONOMICS
942 _hX9B:8.73, L7
_cTEXL
_2CC
999 _c259564
_d259564